00915nam a22002537a 4500003000500000005001700005008004100022010001100063011001100074035001100085040000900096110000800105245018500113246005800298246006400356260002300420300002000443500005900463650002300522650002900545650002800574650001300602710004600615CHAP20220817044526.0120604s1993 it rn 00010 d a103274 a104246 a114936 cCHAP2 aFAO10aCitrus fruit, fresh and processed. Annual statistics = Agrumes, frais et transformes. Statistiques annuelles = Frutos citricos, frescos y elaborados. Estadisticas anualesc/por FAO3 aAgrumes, frais et transformes. Statistiques annuelles3 aFrutos citricos, frescos y elaborados. Estadisticas anuales aRoma :bFAO,c1993 a48 p. :btablas aEdición trilingüe (inglés, francés, español)14aBalanza comercial.14aCítricosxRendimiento.14aComercio internacional.14aPrecios.2 aDireccion de Productos Basicos y Comercio